000 00317nam a22001337a 4500
008 170531b xxu||||| |||| 00| 0 eng d
020 _a9780688170684
041 _aeng
080 _a93
100 _a17
101 _aSHH
245 _aDIRTY LITTLE SECRETS OF THE TWENTIETH CENTURY
_cDUNNIGAN, J.F
942 _2udc
_cBK
999 _c15169
_d15169